Alexandre Dumas, La Tour de Nesle . Édition critique par Claude Schopp. Paris, Gallimard, « folio théâtre », n° 157, 2014. Un vol. de 336 p. (notice n° 1655616)
[ vue normale ]
| 000 -LEADER | |
|---|---|
| fixed length control field | 00616cam a2200145 4500500 |
| 005 - DATE AND TIME OF LATEST TRANSACTION | |
| control field | 20260208010220.0 |
| 041 ## - LANGUAGE CODE | |
| Language code of text/sound track or separate title | fre |
| 042 ## - AUTHENTICATION CODE | |
| Authentication code | dc |
| 100 10 - MAIN ENTRY--PERSONAL NAME | |
| Personal name | Fix, Florence |
| Relator term | author |
| 245 00 - TITLE STATEMENT | |
| Title | Alexandre Dumas, La Tour de Nesle . Édition critique par Claude Schopp. Paris, Gallimard, « folio théâtre », n° 157, 2014. Un vol. de 336 p. |
| 260 ## - PUBLICATION, DISTRIBUTION, ETC. | |
| Date of publication, distribution, etc. | 2016.<br/> |
| 500 ## - GENERAL NOTE | |
| General note | 59 |
| 786 0# - DATA SOURCE ENTRY | |
| Note | Revue d'histoire littéraire de la France | 116 | 1 | 2016-03-07 | p. 193t-264t | 0035-2411 |
| 856 41 - ELECTRONIC LOCATION AND ACCESS | |
| Uniform Resource Identifier | <a href="https://shs.cairn.info/revue-d-histoire-litteraire-de-la-france-2016-1-page-193t?lang=fr&redirect-ssocas=7080">https://shs.cairn.info/revue-d-histoire-litteraire-de-la-france-2016-1-page-193t?lang=fr&redirect-ssocas=7080</a> |
Pas d'exemplaire disponible.




Réseaux sociaux